[Event "GER-ch U18"]
[Site "Willingen"]
[Date "2025.06.10"]
[Round "4"]
[White "Petzold, Johannes Julius"]
[Black "Mueller, Maximilian3"]
[Result "1-0"]
[WhiteElo "1986"]
[BlackElo "2018"]
[PlyCount "39"]
[EventDate "2025.06.08"]
[EventType "swiss"]
[EventRounds "9"]
[EventCountry "GER"]
[SourceTitle "CB26_2025"]
[SourceDate "2025.06.25"]
[SourceVersion "1"]
[SourceVersionDate "2025.06.25"]
[SourceQuality "1"]

1. e4 c6 2. d4 d5 3. f3 dxe4 4. fxe4 e5 5. Nf3 Bg4 6. c3 Nd7 7. Nbd2 exd4 8. cxd4 Bb4 9. Bc4 Bxf3 10. Qxf3 Qh4+ 11. g3 Qf6 12. Qb3 Bxd2+ 13. Bxd2 0-0-0 14. e5 Qf5 15. 0-0-0 f6 16. Be6 Qe4 17. Bf4 Ne7 18. exf6 gxf6 19. Rhe1 Qg6 20. Bf7 1-0

[Event "GER-chT U16"]
[Site "Darmstadt"]
[Date "2022.12.29"]
[Round "5"]
[White "Le, Dinh An"]
[Black "Petzold, Johannes Julius"]
[Result "0-1"]
[WhiteElo "1581"]
[BlackElo "1211"]
[PlyCount "74"]
[EventDate "2022.12.26"]
[EventType "team-swiss"]
[EventRounds "7"]
[EventCountry "GER"]
[SourceTitle "CBM 212 Extra"]
[Source "ChessBase"]
[SourceDate "2023.03.31"]
[SourceVersion "1"]
[SourceVersionDate "2023.03.31"]
[SourceQuality "1"]
[WhiteTeam "Paderborn Akademie"]
[BlackTeam "Magdeburg Schachzwerge"]
[WhiteTeamCountry "GER"]
[BlackTeamCountry "GER"]

1. b3 Nf6 2. Bb2 g6 3. Bxf6 exf6 4. c4 Bg7 5. Nc3 0-0 6. g3 Nc6 7. Bg2 d6 8. e3 Re8 9. Nge2 Bg4 10. 0-0 Qd7 11. Rb1 Bh3 12. Bxh3 Qxh3 13. Nf4 Qd7 14. d4 f5 15. a3 Nd8 16. Qc2 Ne6 17. Nfe2 Ng5 18. b4 Ne4 19. Rfd1 h5 20. h4 f6 21. Nf4 Qf7 22. d5 g5 23. Ne6 Nxc3 24. Qxc3 Rxe6 25. dxe6 Qxe6 26. Qd4 Kf7 27. Qd5 Qxd5 28. Rxd5 Ke6 29. e4 fxe4 30. Re1 f5 31. b5 gxh4 32. gxh4 Be5 33. Kg2 Rg8+ 34. Kh3 Rg4 35. Re3 Bf6 36. f3 Rxh4+ 37. Kg3 f4+ 0-1

[Event "Sachsen-Anhalt-ch op"]
[Site "Magdeburg"]
[Date "2022.10.31"]
[Round "6"]
[White "Ehrecke, Felix"]
[Black "Petzold, Johannes Julius"]
[Result "1-0"]
[WhiteElo "1609"]
[BlackElo "1112"]
[PlyCount "81"]
[EventDate "2022.10.29"]
[EventType "swiss"]
[EventRounds "7"]
[EventCountry "GER"]
[SourceTitle "CBM 211 Extra"]
[Source "ChessBase"]
[SourceDate "2023.01.31"]
[SourceVersion "1"]
[SourceVersionDate "2023.01.31"]
[SourceQuality "1"]

1. e4 e5 2. Nf3 Nc6 3. Bb5 a6 4. Ba4 d6 5. 0-0 Bg4 6. c3 b5 7. Bb3 Nf6 8. d3 Be7 9. Re1 0-0 10. Nbd2 Na5 11. Bc2 c5 12. Nf1 Nc6 13. Ne3 Be6 14. Ng5 b4 15. Bd2 Rb8 16. Nxe6 fxe6 17. Bb3 Qd7 18. Nf5 Kh8 19. Nh4 d5 20. Nf3 Bd6 21. Qe2 bxc3 22. Bxc3 Nd4 23. Bxd4 exd4 24. e5 c4 25. dxc4 Bb4 26. exf6 Bxe1 27. fxg7+ Qxg7 28. Rxe1 d3 29. Qxd3 dxc4 30. Bxc4 Rxb2 31. Bb3 a5 32. Re2 Rxb3 33. axb3 Rxf3 34. Qd8+ Rf8 35. Qxa5 Qe7 36. Qe5+ Rf6 37. b4 Kg7 38. b5 Qa7 39. Rc2 Kg6 40. h4 Qa3 41. h5+ 1-0

[Event "Sachsen-Anhalt-ch op"]
[Site "Magdeburg"]
[Date "2022.10.31"]
[Round "5"]
[White "Petzold, Johannes Julius"]
[Black "Lehmann, Taylor"]
[Result "0-1"]
[WhiteElo "1112"]
[BlackElo "1753"]
[PlyCount "46"]
[EventDate "2022.10.29"]
[EventType "swiss"]
[EventRounds "7"]
[EventCountry "GER"]
[SourceTitle "CBM 211 Extra"]
[Source "ChessBase"]
[SourceDate "2023.01.31"]
[SourceVersion "1"]
[SourceVersionDate "2023.01.31"]
[SourceQuality "1"]

1. e4 b6 2. d4 Bb7 3. Bd3 e6 4. c4 c5 5. d5 b5 6. dxe6 dxe6 7. cxb5 c4 8. Bxc4 Qxd1+ 9. Kxd1 Bxe4 10. f3 Bb7 11. Be3 Nd7 12. Nc3 Ngf6 13. Nge2 Nb6 14. Bb3 Be7 15. Ke1 0-0 16. Kf2 h5 17. a4 Bd5 18. Nxd5 Nbxd5 19. Bd4 Rfd8 20. Rhd1 Nb4 21. Kg1 Nfd5 22. Nc3 Nf4 23. Ne4 Ne2+ 0-1

[Event "Sachsen-Anhalt-ch op"]
[Site "Magdeburg"]
[Date "2022.10.30"]
[Round "3"]
[White "Petzold, Johannes Julius"]
[Black "Marnyuk, Serhiy"]
[Result "1-0"]
[WhiteElo "1112"]
[BlackElo "1783"]
[PlyCount "53"]
[EventDate "2022.10.29"]
[EventType "swiss"]
[EventRounds "7"]
[EventCountry "GER"]
[SourceTitle "CBM 211 Extra"]
[Source "ChessBase"]
[SourceDate "2023.01.31"]
[SourceVersion "1"]
[SourceVersionDate "2023.01.31"]
[SourceQuality "1"]

1. e4 Nf6 2. e5 Nd5 3. c4 Nb6 4. d4 d6 5. Nf3 Bg4 6. h3 Bxf3 7. Qxf3 Nc6 8. exd6 Nxd4 9. Qd3 Qxd6 10. Nc3 e5 11. Be3 c5 12. 0-0-0 Be7 13. g4 Qd7 14. Bg2 0-0-0 15. Kb1 g6 16. f4 Qc7 17. fxe5 Nc6 18. Nd5 Nxd5 19. Bxd5 Nxe5 20. Qc3 Bd6 21. Rhe1 Rhe8 22. Bg5 Rd7 23. Bf6 Rde7 24. Bxe7 Rxe7 25. Qb3 a6 26. Bxb7+ Qxb7 27. Rxd6 1-0

[Event "GER-chT U12"]
[Site "Magdeburg"]
[Date "2019.12.30"]
[Round "7.6"]
[White "Petzold, Johannes Julius"]
[Black "Bock, Leonas"]
[Result "0-1"]
[WhiteElo "1449"]
[BlackElo "1226"]
[PlyCount "64"]
[EventDate "2019.12.27"]
[EventType "team-swiss"]
[EventRounds "7"]
[EventCountry "GER"]
[SourceTitle "CBM 194 Extra"]
[Source "ChessBase"]
[SourceDate "2020.03.31"]
[SourceVersion "1"]
[SourceVersionDate "2020.03.31"]
[SourceQuality "1"]
[WhiteTeam "Magdeburg Schachzwerge"]
[BlackTeam "Weimar"]
[WhiteTeamCountry "GER"]
[BlackTeamCountry "GER"]

1. e4 d6 2. d4 Nf6 3. Nc3 e5 4. Bg5 Be7 5. Nf3 Nbd7 6. Be2 h6 7. Bh4 c6 8. 0-0 Qc7 9. dxe5 dxe5 10. Bc4 0-0 11. Qe2 b5 12. Bb3 Bb7 13. a3 a5 14. a4 b4 15. Nd1 c5 16. Nd2 Rad8 17. c3 Rfe8 18. Bg3 Nb6 19. f4 Bd6 20. f5 Rd7 21. Nf2 Red8 22. Rad1 Kh8 23. Nf3 c4 24. Bc2 b3 25. Bb1 Nxa4 26. Rd2 g6 27. fxg6 fxg6 28. Rfd1 Kg7 29. Kh1 Nc5 30. Qxc4 Ba6 31. Rxd6 Rxd6 32. Rxd6 Rxd6 0-1

[Event "GER-chT U12"]
[Site "Magdeburg"]
[Date "2019.12.29"]
[Round "6.5"]
[White "Vecera, Fabio"]
[Black "Petzold, Johannes Julius"]
[Result "1-0"]
[WhiteElo "1529"]
[BlackElo "1449"]
[PlyCount "101"]
[EventDate "2019.12.27"]
[EventType "team-swiss"]
[EventRounds "7"]
[EventCountry "GER"]
[SourceTitle "CBM 194 Extra"]
[Source "ChessBase"]
[SourceDate "2020.03.31"]
[SourceVersion "1"]
[SourceVersionDate "2020.03.31"]
[SourceQuality "1"]
[WhiteTeam "Leipzig Gruen Weiss"]
[BlackTeam "Magdeburg Schachzwerge"]
[WhiteTeamCountry "GER"]
[BlackTeamCountry "GER"]

1. d4 Nf6 2. e3 g6 3. Nd2 Bg7 4. f4 0-0 5. Ngf3 d6 6. Bd3 Nfd7 7. 0-0 e5 8. fxe5 dxe5 9. c3 f5 10. Nb3 Kh8 11. Bc2 e4 12. Nfd2 g5 13. Qh5 g4 14. Re1 Nf6 15. Qh4 Qe8 16. Qf2 h5 17. g3 Nd5 18. a3 Bf6 19. c4 Nb6 20. Qf4 Qf7 21. Nc5 Kg7 22. b3 h4 23. Bb2 Kg6 24. Kf1 Bg5 25. Qf2 hxg3 26. hxg3 N8d7 27. Ke2 Qe7 28. Nxd7 Bxd7 29. a4 Rh8 30. a5 Nc8 31. Rf1 Nd6 32. Rh1 Bh6 33. Rh2 Nf7 34. Qg2 Ng5 35. Bd1 Nf3 36. Rh1 Bg7 37. Bc2 c5 38. Ba3 b6 39. Raf1 Rac8 40. Kd1 Bh6 41. Qe2 Qg5 42. axb6 axb6 43. Nxe4 fxe4 44. Bxe4+ Bf5 45. Bxf3 gxf3 46. Rxf3 Bg4 47. dxc5 Bxf3 48. Qxf3 Rhd8+ 49. Ke2 bxc5 50. Qe4+ Qf5 51. Rxh6+ 1-0